| 000 | 00357nam a22001337a 4500 | ||
|---|---|---|---|
| 082 |
_a920 _bHOP _cD |
||
| 100 |
_aHopkins, antony _946145 |
||
| 245 |
_aBeeting time _bAntony hopkins |
||
| 260 |
_aLondon. _bMichael joseph ltd. _cc1982. |
||
| 300 |
_a224 p. _bill. _c24 cm. |
||
| 526 |
_a0 _b0 _c0 _d920_000000000000000_HOP |
||
| 650 |
_aMCE _9379 |
||
| 942 |
_2ddc _cBK |
||
| 999 |
_c549488 _d549488 |
||